Central Library OPAC University of Rajshahi

Persistent criminals : (Record no. 5076)

MARC details
000 -LEADER
fixed length control field 01111cam a22003131 4500
001 - CONTROL NUMBER
control field 5076
003 - CONTROL NUMBER IDENTIFIER
rucl marc code BD-RjUL
005 - DATE AND TIME OF LATEST TRANSACTION
control field 20211208234014.0
008 - FIXED-LENGTH DATA ELEMENTS--GENERAL INFORMATION
fixed length control field 131224s1963 enka b f001 0 eng
035 ## - SYSTEM CONTROL NUMBER
System control number (BD-RjUL)5112
System control number (OCoLC)1141622
040 ## - CATALOGING SOURCE
Original cataloging agency DLC
Transcribing agency OAkU
Modifying agency OCoLC
-- DLC
-- BD-RjUL
Language of cataloging eng
041 ## - LANGUAGE CODE
Language code of text/sound track or separate title eng
082 ## - DEWEY DECIMAL CLASSIFICATION NUMBER
Classification number 364.32
Author mark and year HAP
100 1# - MAIN ENTRY--PERSONAL NAME
Personal name Hammond, W. H.
9 (RLIN) 15979
245 10 - TITLE STATEMENT
Title Persistent criminals :
Remainder of title a study of all offenders liable to preventive detention in 1956 /
Statement of responsibility, etc. by W. H. Hammond and Edna Chayen.
260 ## - PUBLICATION, DISTRIBUTION, ETC. (IMPRINT)
Place of publication, distribution, etc. London :
Name of publisher, distributor, etc. H.M. Stationery Off.,
Date of publication, distribution, etc. c1963.
300 ## - PHYSICAL DESCRIPTION
Pagination ix, 237 p. :
Illustrations diagrs., tables.
Size 25 cm.
500 ## - GENERAL NOTE
General note "A Home Office Research Unit report."
General note At head of title: Home Office.
504 ## - BIBLIOGRAPHY, ETC. NOTE
Bibliography, etc Includes bibliography (p. 229) and index.
650 #0 - SUBJECT ADDED ENTRY--TOPICAL TERM
Topical term or geographic name as entry element Recidivists
Geographic subdivision Great Britain.
9 (RLIN) 15981
700 1# - ADDED ENTRY--PERSONAL NAME
Personal name Chayen, Edna,
Relator term joint author.
710 1# - ADDED ENTRY--CORPORATE NAME
Corporate name or jurisdiction name as entry element Great Britain.
Subordinate unit Home Office.
9 (RLIN) 15983
942 ## - ADDED ENTRY ELEMENTS (KOHA)
Source of classification or shelving scheme Dewey Decimal Classification
Koha item type Books
Holdings
Lost status Source of classification or shelving scheme Damaged status Not for loan Collection code Permanent Location Current Location Shelving location Date acquired Source of acquisition Cost, normal purchase price Total Checkouts Full call number Date last seen Copy number Koha item type
  Dewey Decimal Classification     Non-fiction Central Library, University of Rajshahi Central Library, University of Rajshahi   10/03/1966 Zeitlinger 0.00   364.32 HAP 1963 24/12/2013 C-3 Books
  Dewey Decimal Classification     Non-fiction Central Library, University of Rajshahi Central Library, University of Rajshahi   06/01/1968 Zeitlinger 25.00   364.32 HAP 1963 13/08/2016 C-2 Books
  Dewey Decimal Classification     Non-fiction Central Library, University of Rajshahi Central Library, University of Rajshahi   06/01/1968 Zeitlinger 25.00   364.32 HAP 1963 13/08/2016 C-4 Books